[Event "European Championship"]
[Site "Plovdiv BUL"]
[Date "2012.03.24"]
[Round "5"]
[White "Najer, Evgeniy"]
[Black "Bacrot, Etienne"]
[Result "1/2-1/2"]
[WhiteElo "2640"]
[BlackElo "2706"]
[PlyCount "138"]
[EventDate "2012.03.20"]
[EventRounds "11"]
[EventCountry "BUL"]

1. e4 e5 2. Nf3 Nc6 3. Bb5 Nf6 4. O-O Nxe4 5. Re1 Nd6 6. Nxe5 Be7 7. Bf1 Nxe5
8. Rxe5 O-O 9. d4 Bf6 10. Re1 Re8 11. Bf4 Rxe1 12. Qxe1 Ne8 13. Nc3 Bxd4 14.
Nd5 d6 15. Bg5 Bf6 16. Nxf6+ Nxf6 17. Bxf6 gxf6 18. Bd3 f5 19. Qe3 Be6 20. Qf3
c6 21. Bxf5 Bxf5 22. Qxf5 Qe7 23. Qg4+ Kf8 24. Qd4 f6 25. g3 d5 26. Rd1 Re8 27.
Qxa7 Qb4 28. Qd4 Qxd4 29. Rxd4 Re2 30. Rb4 b5 31. c3 h5 32. Kg2 Kf7 33. Kf3 Re1
34. a4 bxa4 35. Rxa4 Ke6 36. h4 Rb1 37. Rb4 c5 38. Rb8 c4 39. Rb4 Ke5 40. Rb8
Kf5 41. Ke3 Ke5 42. Rb7 Re1+ 43. Kf3 Rb1 44. g4 hxg4+ 45. Kxg4 Rg1+ 46. Kf3 Rh1
47. Rh7 Rb1 48. h5 Rxb2 49. h6 Rb1 50. Re7+ Kd6 51. Re8 Rh1 52. Rh8 Ke5 53. h7
Kf5 54. Rd8 Rxh7 55. Rxd5+ Ke6 56. Rc5 Rh3+ 57. Ke4 Rxc3 58. Rc6+ Kf7 59. Kd4
Rf3 60. Rxc4 Rxf2 61. Ke3 Ra2 62. Kf4 Kg6 63. Rb4 Ra1 64. Rb5 Rh1 65. Kg4 f5+
66. Kf4 Rf1+ 67. Kg3 Kg5 68. Rb8 Rg1+ 69. Kf3 Rf1+ 1/2-1/2

[Event "European Championship"]
[Site "Plovdiv BUL"]
[Date "2012.03.24"]
[Round "5"]
[White "Navara, David"]
[Black "Froewis, Georg"]
[Result "1/2-1/2"]
[WhiteElo "2700"]
[BlackElo "2407"]
[PlyCount "90"]
[EventDate "2012.03.20"]
[EventRounds "11"]
[EventCountry "BUL"]

1. d4 d5 2. c4 c6 3. Nf3 Nf6 4. e3 Bg4 5. h3 Bh5 6. Qb3 Qb6 7. Nc3 e6 8. Ne5
Nfd7 9. Nd3 Bg6 10. Qa4 dxc4 11. Nf4 e5 12. Nxg6 hxg6 13. Bxc4 exd4 14. exd4
Qb4 15. Qb3 Qxb3 16. Bxb3 Bb4 17. a3 Ba5 18. O-O O-O 19. Ne4 Nf6 20. Nd6 Nbd7
21. Nxb7 Bb6 22. Bf4 Bxd4 23. Rab1 c5 24. Rfe1 Rab8 25. Na5 Rb5 26. Bd2 Rfb8
27. Ba4 Rxb2 28. Rxb2 Rxb2 29. Nc4 Rb8 30. Bf4 Rb7 31. Kf1 Nf8 32. Nd6 Rb2 33.
Re2 Rb1+ 34. Re1 Rb2 35. Re2 Ne6 36. Bg3 Rb6 37. Nc4 Rb1+ 38. Re1 Rxe1+ 39.
Kxe1 Ne4 40. Bd7 Nxg3 41. fxg3 Nc7 42. Ke2 Kf8 43. g4 Ke7 44. Bc6 Ne6 45. Bf3
Nc7 1/2-1/2

[Event "European Championship"]
[Site "Plovdiv BUL"]
[Date "2012.03.24"]
[Round "5"]
[White "Nisipeanu, Liviu-Dieter"]
[Black "Riazantsev, Alexander"]
[Result "1/2-1/2"]
[WhiteElo "2643"]
[BlackElo "2710"]
[PlyCount "141"]
[EventDate "2012.03.20"]
[EventRounds "11"]
[EventCountry "BUL"]

1. d4 Nf6 2. c4 g6 3. Nc3 d5 4. Bg5 Ne4 5. Bh4 Nxc3 6. bxc3 dxc4 7. e3 Be6 8.
Nf3 Bg7 9. Be2 Nd7 10. O-O Nb6 11. a4 a5 12. Qc2 O-O 13. Rfb1 Qd7 14. Bg3 Bd5
15. Nd2 e5 16. dxe5 Bc6 17. Nxc4 Nxa4 18. Rd1 Qe8 19. Bf3 b5 20. Rdb1 Bxf3 21.
gxf3 Qc6 22. Na3 Qxc3 23. Qe2 b4 24. Nb5 Qc6 25. Rc1 Nc3 26. Nxc3 bxc3 27. Ra3
Bxe5 28. Bxe5 Qc5 29. Raxc3 Qxe5 30. Rxc7 Qg5+ 31. Kf1 a4 32. Qa2 Qh5 33. Ke2
Qxh2 34. R7c4 a3 35. R4c3 Qd6 36. Ra1 Rfc8 37. Rd3 Qb4 38. Rb1 Qc5 39. Rd7 Qc4+
40. Qxc4 Rxc4 41. Rd2 g5 42. Ra2 Kg7 43. Rb3 Rca4 44. Kf1 R8a6 45. Kg2 f5 46.
Kg3 Kg6 47. f4 gxf4+ 48. exf4 Kf6 49. Re3 Kf7 50. Kf3 Rh6 51. Kg2 Rg6+ 52. Kh2
Rga6 53. Kg2 h5 54. Kg3 Kf6 55. f3 Ra7 56. Kh3 Rxf4 57. Raxa3 Rg7 58. Re2 Rg1
59. Ra6+ Kg5 60. Rg2+ Rxg2 61. Kxg2 Rb4 62. Kg3 h4+ 63. Kh3 Rb3 64. Kg2 Rb2+
65. Kh3 Rf2 66. Ra3 Re2 67. Ra4 Rf2 68. Rxh4 Rxf3+ 69. Kg2 Kxh4 70. Kxf3 f4 71.
Kxf4 1/2-1/2

[Event "European Championship"]
[Site "Plovdiv BUL"]
[Date "2012.03.24"]
[Round "5"]
[White "Ter-Sahakyan, Samvel"]
[Black "Grachev, Boris"]
[Result "1-0"]
[WhiteElo "2578"]
[BlackElo "2705"]
[PlyCount "83"]
[EventDate "2012.03.20"]
[EventRounds "11"]
[EventCountry "BUL"]

1. e4 c5 2. Nf3 e6 3. d4 cxd4 4. Nxd4 Nc6 5. Nc3 d6 6. g4 Nge7 7. Nb3 a6 8. Be3
b5 9. f4 Bb7 10. Qe2 Na5 11. O-O-O Nc4 12. Bf2 Qc7 13. a4 Bc6 14. Nd4 Bd7 15.
h4 Ng6 16. Qf3 b4 17. Na2 Be7 18. h5 Nxf4 19. Qxf4 e5 20. Qg3 exd4 21. Bxd4
Bg5+ 22. Kb1 O-O 23. h6 Rfc8 24. Rh2 a5 25. Bxc4 Qxc4 26. hxg7 f6 27. Nc1 h6
28. b3 Qe6 29. Qd3 Bc6 30. Re1 Re8 31. Rhe2 Bh4 32. Qd2 Kxg7 33. Nd3 Bg5 34.
Nf4 Qf7 35. Be3 Bxe4 36. Ka1 Bg6 37. Nxg6 Kxg6 38. Bxg5 Rxe2 39. Qxe2 Qd5 40.
Bc1 Qe5+ 41. Kb1 Qxe2 42. Rxe2 1-0

[Event "European Championship"]
[Site "Plovdiv BUL"]
[Date "2012.03.24"]
[Round "5"]
[White "Zhigalko, Sergei"]
[Black "Caruana, Fabiano"]
[Result "1/2-1/2"]
[WhiteElo "2649"]
[BlackElo "2767"]
[PlyCount "71"]
[EventDate "2012.03.20"]
[EventRounds "11"]
[EventCountry "BUL"]

1. e4 e5 2. Nf3 Nc6 3. Bb5 a6 4. Ba4 Nf6 5. O-O Be7 6. Re1 b5 7. Bb3 d6 8. c3
O-O 9. h3 Re8 10. Ng5 Rf8 11. Nf3 Re8 12. Ng5 Rf8 13. d4 Bb7 14. Nf3 Re8 15.
Nbd2 Bf8 16. d5 Nb8 17. Nf1 Nbd7 18. N3h2 Nc5 19. Bc2 c6 20. b4 Ncd7 21. dxc6
Bxc6 22. Bg5 Qc7 23. Qd3 Rac8 24. Bb3 Qb7 25. Ng3 h6 26. Bxf6 Nxf6 27. Ng4 Nxg4
28. hxg4 g6 29. Qf3 Qe7 30. Rad1 Bg7 31. Rd3 Bd7 32. Red1 Rc6 33. Bd5 Rc7 34.
Bb3 Rc6 35. Bd5 Rc7 36. Bb3 1/2-1/2

[Event "European Championship"]
[Site "Plovdiv BUL"]
[Date "2012.03.25"]
[Round "6"]
[White "Bacrot, Etienne"]
[Black "Popov, Ivan"]
[Result "1-0"]
[WhiteElo "2706"]
[BlackElo "2605"]
[PlyCount "87"]
[EventDate "2012.03.20"]
[EventRounds "11"]
[EventCountry "BUL"]

1. d4 d5 2. c4 c6 3. Nc3 Nf6 4. e3 e6 5. Nf3 Nbd7 6. Qc2 b6 7. Bd3 Bb7 8. O-O
Be7 9. b3 O-O 10. Bb2 h6 11. Rad1 Qc7 12. Qe2 Bb4 13. a3 Bxc3 14. Bxc3 Ne4 15.
Ba1 Rad8 16. Rc1 Qb8 17. Rfd1 c5 18. Bb1 f5 19. Ne1 cxd4 20. exd4 Rfe8 21. f3
Nef6 22. Nd3 Rc8 23. Qe3 a5 24. c5 bxc5 25. Nxc5 Nxc5 26. dxc5 Nd7 27. Qc3 e5
28. Qxa5 Bc6 29. Qb4 f4 30. Qxb8 Rxb8 31. b4 d4 32. Bg6 Re6 33. Bd3 Kf8 34. Rd2
Ba4 35. Re2 Ke7 36. Bf5 Bb5 37. Bxe6 Kxe6 38. Rd2 Kd5 39. Rcd1 Ra8 40. Bxd4
exd4 41. Rxd4+ Ke6 42. c6 Nf6 43. Re1+ Kf7 44. Rc1 1-0

[Event "European Championship"]
[Site "Plovdiv BUL"]
[Date "2012.03.25"]
[Round "6"]
[White "Braun, Christian"]
[Black "Navara, David"]
[Result "0-1"]
[WhiteElo "2372"]
[BlackElo "2700"]
[PlyCount "64"]
[EventDate "2012.03.20"]
[EventRounds "11"]
[EventCountry "BUL"]

1. e4 c5 2. Nf3 d6 3. d4 cxd4 4. Nxd4 Nf6 5. Nc3 a6 6. Bg5 e6 7. f4 Nbd7 8. Qf3
Qc7 9. O-O-O Be7 10. g4 b5 11. Bxf6 Nxf6 12. g5 Nd7 13. f5 O-O 14. fxe6 fxe6
15. Nxe6 Bxg5+ 16. Kb1 Rxf3 17. Nxc7 Rb8 18. Be2 Rf2 19. Bg4 Nc5 20. Bxc8 Rxc8
21. N7d5 Re8 22. h4 Bd2 23. Rh3 Bxc3 24. Nxc3 b4 25. Nd5 Rxe4 26. b3 a5 27. Ne3
a4 28. Nc4 a3 29. Nxd6 Rd2 30. Rhh1 Rxh4 31. Nc4 Rxd1+ 32. Rxd1 Ne4 0-1

[Event "European Championship"]
[Site "Plovdiv BUL"]
[Date "2012.03.25"]
[Round "6"]
[White "Caruana, Fabiano"]
[Black "Mamedov, Rauf"]
[Result "1-0"]
[WhiteElo "2767"]
[BlackElo "2624"]
[PlyCount "151"]
[EventDate "2012.03.20"]
[EventRounds "11"]
[EventCountry "BUL"]

1. e4 c5 2. Nf3 d6 3. d4 Nf6 4. Nc3 cxd4 5. Nxd4 g6 6. Be3 Bg7 7. f3 Nc6 8. Qd2
O-O 9. O-O-O d5 10. Qe1 e5 11. Nxc6 bxc6 12. exd5 Nxd5 13. Bc4 Be6 14. Ne4 Qc7
15. Bc5 Rfd8 16. Qh4 Qa5 17. Ba3 h6 18. Nc5 Bf5 19. Bb3 g5 20. Qf2 Qb6 21. g4
Bg6 22. Rd2 Nc7 23. Ne4 Qxf2 24. Rxf2 Nb5 25. Be7 Rdb8 26. c3 Rb7 27. Bc5 a5
28. Bc2 a4 29. a3 Nc7 30. Bd6 Ne6 31. Rd2 h5 32. Re1 hxg4 33. fxg4 Rb5 34. Ng3
Nc5 35. Bxc5 Rxc5 36. Bxg6 fxg6 37. Ne4 Rd5 38. Rf1 Rad8 39. Kc2 Rb8 40. h3
Rdb5 41. Kc1 Rd5 42. Rf3 Rbd8 43. Kc2 Rb8 44. Rfd3 Rbd8 45. Rd1 Kf7 46. Rf1+
Kg8 47. Rdf3 Rb5 48. R1f2 Rdb8 49. Kc1 R5b7 50. Rd3 Bf8 51. Nf6+ Kg7 52. Rd7+
Be7 53. Rxb7 Rxb7 54. Ne4 Rd7 55. Kc2 Rb7 56. Nd2 Rb5 57. Nc4 Rc5 58. Kd3 Bd8
59. Rf1 Bc7 60. Nd2 Rb5 61. Kc2 Bd8 62. Rf3 Be7 63. Rf1 Bd8 64. Rd1 Be7 65. Nc4
Rc5 66. Nb6 Ra5 67. Rd7 Kf6 68. Rc7 Ra6 69. Rxc6+ Kg7 70. Rc7 Rxb6 71. Rxe7+
Kf6 72. Re8 Rb7 73. Ra8 e4 74. Re8 Re7 75. Rxe7 Kxe7 76. b4 1-0

[Event "European Championship"]
[Site "Plovdiv BUL"]
[Date "2012.03.25"]
[Round "6"]
[White "Cheparinov, Ivan"]
[Black "Malakhov, Vladimir"]
[Result "1/2-1/2"]
[WhiteElo "2664"]
[BlackElo "2705"]
[PlyCount "101"]
[EventDate "2012.03.20"]
[EventRounds "11"]
[EventCountry "BUL"]
[TimeControl "5400"]

1. d4 d5 2. c4 c6 3. Nf3 Nf6 4. Nc3 a6 5. a4 e6 6. g3 dxc4 7. e4 Bb4 8. e5 Nd5
9. Bd2 b5 10. Bg2 Bb7 11. Ng5 h6 12. Qh5 g6 13. Qh3 Nd7 14. O-O Be7 15. Nce4
Kf8 16. axb5 axb5 17. Nd6 Bxd6 18. exd6 Kg7 19. Ne4 Rxa1 20. Rxa1 Qb6 21. Rd1
b4 22. Qh4 Bc8 23. Bf1 c3 24. bxc3 bxc3 25. Nxc3 Qb3 26. Rc1 Qb2 27. Nxd5 Qxd2
28. Qf4 Qxf4 29. Nxf4 Nf6 30. Rxc6 Rd8 31. Rc7 g5 32. Nd3 Ne4 33. Ne5 Nxd6 34.
Be2 Rf8 35. Bd3 Rd8 36. Be2 Rf8 37. Bd3 Rd8 38. Bg6 Rf8 39. Bxf7 Nxf7 40. Nxf7
Rxf7 41. Rxc8 Rd7 42. Rc4 Rd5 43. Kg2 e5 44. dxe5 Rxe5 45. h4 Kg6 46. Rc6+ Kh5
47. hxg5 hxg5 48. f3 g4 49. f4 Re2+ 50. Kf1 Re1+ 51. Kxe1 1/2-1/2

[Event "European Championship"]
[Site "Plovdiv BUL"]
[Date "2012.03.25"]
[Round "6"]
[White "Grachev, Boris"]
[Black "Bulmaga, Irina"]
[Result "1-0"]
[WhiteElo "2705"]
[BlackElo "2307"]
[PlyCount "65"]
[EventDate "2012.03.20"]
[EventRounds "11"]
[EventCountry "BUL"]

1. c4 Nf6 2. Nc3 e6 3. d4 Bb4 4. e3 d5 5. a3 Bxc3+ 6. bxc3 dxc4 7. Bxc4 c5 8.
Nf3 Qc7 9. Qe2 Nbd7 10. O-O O-O 11. e4 e5 12. dxe5 Nxe5 13. Bf4 Nxf3+ 14. Qxf3
Qc6 15. Bd5 Nxd5 16. exd5 Qf6 17. Qe3 h6 18. Rfe1 c4 19. Be5 Qg6 20. Qd4 b5 21.
Re3 f6 22. Bd6 Re8 23. Be7 Qf7 24. Rae1 Bd7 25. h3 Kh8 26. d6 Rec8 27. Rf3 Re8
28. Ree3 f5 29. Re5 Kh7 30. Kh2 Reb8 31. Bd8 Be6 32. Bc7 Re8 33. Rfe3 1-0

[Event "European Championship"]
[Site "Plovdiv BUL"]
[Date "2012.03.25"]
[Round "6"]
[White "Jakovenko, Dmitry"]
[Black "Kempinski, Robert"]
[Result "1-0"]
[WhiteElo "2729"]
[BlackElo "2610"]
[PlyCount "97"]
[EventDate "2012.03.20"]
[EventRounds "11"]
[EventCountry "BUL"]

1. d4 g6 2. e4 Bg7 3. Nc3 d6 4. Be3 a6 5. a4 Nf6 6. h3 O-O 7. Nf3 e5 8. dxe5
dxe5 9. Qxd8 Rxd8 10. Bc4 Nc6 11. O-O Bd7 12. g4 Ne8 13. Nd5 Nd6 14. Bd3 Ne8
15. Bc4 Nd6 16. Bd3 Ne8 17. Rfd1 Be6 18. c4 a5 19. Bf1 h6 20. Rd2 Nd4 21. Nxd4
exd4 22. Bf4 c5 23. Ra3 Nd6 24. f3 Bxd5 25. cxd5 g5 26. Bg3 f6 27. Rb3 Bf8 28.
Rc2 Rd7 29. Kg2 Rc8 30. Rb6 c4 31. Be1 d3 32. Rc3 Be7 33. b3 Nf7 34. Bxd3 Ne5
35. Bxc4 Bb4 36. Rc1 Nxc4 37. bxc4 Bxe1 38. Rxe1 Rxc4 39. Rxf6 Rxa4 40. Rxh6
Kg7 41. Rb6 Ra2+ 42. Kg3 Ra3 43. Rf1 a4 44. h4 gxh4+ 45. Kxh4 Re3 46. g5 a3 47.
Rf2 Rf7 48. Kg4 Kf8 49. g6 1-0

[Event "European Championship"]
[Site "Plovdiv BUL"]
[Date "2012.03.25"]
[Round "6"]
[White "Jianu, Vlad-Cristian"]
[Black "Mamedyarov, Shakhriyar"]
[Result "1/2-1/2"]
[WhiteElo "2497"]
[BlackElo "2752"]
[PlyCount "33"]
[EventDate "2012.03.20"]
[EventRounds "11"]
[EventCountry "BUL"]

1. Nf3 g6 2. c4 Bg7 3. g3 e5 4. Nc3 c5 5. Bg2 Nc6 6. a3 a5 7. O-O Nge7 8. d3 d6
9. Rb1 O-O 10. Bd2 h6 11. Ne1 Be6 12. Nd5 a4 13. Nc3 Qa5 14. Nd5 Qd8 15. Nc3
Qa5 16. Nd5 Qd8 17. Nc3 1/2-1/2

[Event "European Championship"]
[Site "Plovdiv BUL"]
[Date "2012.03.25"]
[Round "6"]
[White "Jobava, Baadur"]
[Black "Kuzubov, Yuriy"]
[Result "1/2-1/2"]
[WhiteElo "2706"]
[BlackElo "2615"]
[PlyCount "98"]
[EventDate "2012.03.20"]
[EventRounds "11"]
[EventCountry "BUL"]
[TimeControl "5400"]

1. e4 e6 2. d4 d5 3. Nd2 Nc6 4. Ngf3 Nf6 5. e5 Nd7 6. c4 Be7 7. Bd3 Nb4 8. Bb1
dxc4 9. Nxc4 Nb6 10. Ncd2 Bd7 11. a3 N4d5 12. O-O Ba4 13. Bc2 Qd7 14. Ne4 Bxc2
15. Qxc2 h6 16. Bd2 a5 17. Rac1 Qb5 18. Nc5 Nd7 19. Rfe1 Bxc5 20. dxc5 Nb8 21.
Nd4 Qa6 22. Re4 Nc6 23. Nxc6 Qxc6 24. Rg4 g6 25. Ra4 g5 26. b4 Rg8 27. bxa5 Nf4
28. Bxf4 gxf4 29. g3 fxg3 30. hxg3 Rg5 31. Rh4 Qf3 32. Rxh6 O-O-O 33. c6 Qxc6
34. Qxc6 bxc6 35. Rh7 Rxe5 36. Rxf7 Rd6 37. Rf8+ Kd7 38. Ra8 Rd3 39. a4 Rd4 40.
Ra1 c5 41. a6 c4 42. a5 Rd6 43. Kg2 c3 44. g4 c2 45. Rc1 Rc6 46. Rb8 Rxa5 47.
Rb2 Raxa6 48. Rbxc2 Rxc2 49. Rxc2 Kd6 1/2-1/2

[Event "European Championship"]
[Site "Plovdiv BUL"]
[Date "2012.03.25"]
[Round "6"]
[White "Jones, Gawain C B"]
[Black "Fressinet, Laurent"]
[Result "1/2-1/2"]
[WhiteElo "2635"]
[BlackElo "2693"]
[PlyCount "69"]
[EventDate "2012.03.20"]
[EventRounds "11"]
[EventCountry "BUL"]
[TimeControl "5400"]

1. e4 e5 2. Nf3 Nc6 3. Bb5 Nf6 4. O-O Nxe4 5. d4 Nd6 6. dxe5 Nxb5 7. a4 Nbd4 8.
Nxd4 d5 9. exd6 Nxd4 10. Qxd4 Qxd6 11. Qe3+ Be6 12. Nc3 a6 13. Rd1 Qc6 14. Rd3
Be7 15. Nb5 O-O 16. Nd4 Qd5 17. Nxe6 Qxe6 18. Qxe6 fxe6 19. Be3 Bf6 20. c3 Rfd8
21. Rad1 Rxd3 22. Rxd3 Rd8 23. Rxd8+ Bxd8 24. g4 e5 25. Kg2 Kf7 26. Kf3 Ke6 27.
Ke4 c6 28. f3 b5 29. b3 g6 30. c4 Be7 31. Bd2 Bd8 32. Bc3 Bc7 33. Bd2 Bd8 34.
Bc3 Bc7 35. Bd2 1/2-1/2

[Event "European Championship"]
[Site "Plovdiv BUL"]
[Date "2012.03.25"]
[Round "6"]
[White "Manea, Alexandru"]
[Black "Giri, Anish"]
[Result "0-1"]
[WhiteElo "2381"]
[BlackElo "2717"]
[PlyCount "84"]
[EventDate "2012.03.20"]
[EventRounds "11"]
[EventCountry "BUL"]

1. c4 Nf6 2. Nc3 c5 3. Nf3 b6 4. g3 Bb7 5. Bg2 g6 6. O-O Bg7 7. b3 O-O 8. Bb2
d6 9. d4 cxd4 10. Nxd4 Bxg2 11. Kxg2 a6 12. Nd5 b5 13. Nxf6+ Bxf6 14. Rc1 Qb6
15. Qd2 Nd7 16. cxb5 axb5 17. Nc6 Nc5 18. Nb4 Qb7+ 19. f3 Ne4 20. Qc2 Rfc8 21.
Qxe4 Qxe4 22. fxe4 Bxb2 23. Rxc8+ Rxc8 24. Nd5 Kf8 25. Kf3 Ba3 26. Rd1 Rc2 27.
Rd3 b4 28. Rd4 Rxa2 29. Nxb4 Rb2 30. Nd3 Rxb3 31. g4 Bc1 32. Rc4 Bg5 33. Kg3
Kg7 34. Rc7 Bf6 35. Kf3 Ra3 36. Rc8 Ra5 37. Nf4 Be5 38. Re8 Bxf4 39. Kxf4 Kf6
40. Rh8 h5 41. h3 h4 42. Rg8 g5+ 0-1

[Event "European Championship"]
[Site "Plovdiv BUL"]
[Date "2012.03.25"]
[Round "6"]
[White "Naiditsch, Arkadij"]
[Black "Sokolov, Ivan"]
[Result "1-0"]
[WhiteElo "2702"]
[BlackElo "2653"]
[PlyCount "66"]
[EventDate "2012.03.20"]
[EventRounds "11"]
[EventCountry "BUL"]
[TimeControl "5400"]

1. e4 e5 2. Nf3 Nc6 3. Bb5 a6 4. Ba4 Nf6 5. O-O Be7 6. d3 d6 7. c4 O-O 8. h3
Be6 9. Nc3 Nd7 10. Be3 f5 11. exf5 Bxf5 12. d4 Bf6 13. d5 Na5 14. Nd2 Bd3 15.
Qg4 Nb6 16. Bxb6 cxb6 17. Rfd1 Kh8 18. Nde4 Bxe4 19. Qxe4 g6 20. Bc2 Bg7 21.
Bd3 Rf4 22. Qe2 Rd4 23. Ne4 b5 24. cxb5 Qb6 25. Rab1 axb5 26. Ng5 Rxd5 27. Bxg6
Rxd1+ 28. Rxd1 hxg6 29. Rxd6 Qc7 30. Rxg6 Ra6 31. Rxa6 bxa6 32. Qh5+ Kg8 33.
Qh7+ Kf8 1-0

[Event "European Championship"]
[Site "Plovdiv BUL"]
[Date "2012.03.25"]
[Round "6"]
[White "Ragger, Markus"]
[Black "Movsesian, Sergei"]
[Result "1/2-1/2"]
[WhiteElo "2654"]
[BlackElo "2702"]
[PlyCount "84"]
[EventDate "2012.03.20"]
[EventRounds "11"]
[EventCountry "BUL"]
[TimeControl "5400"]

1. Nf3 d5 2. d4 Nf6 3. c4 c6 4. Nc3 a6 5. a4 e6 6. g3 dxc4 7. Bg2 c5 8. dxc5
Qxd1+ 9. Nxd1 Bd7 10. Ne5 Nc6 11. Nxc4 Bxc5 12. Be3 Bxe3 13. Ndxe3 Ke7 14. Nb6
Rab8 15. Rc1 Rhd8 16. f4 Be8 17. Kf2 Rd4 18. Rc4 Rd2 19. Rb1 Nd4 20. Bf1 Ne4+
21. Ke1 Bc6 22. Rd1 Rxd1+ 23. Nxd1 Rd8 24. Ne3 Nf5 25. Nxf5+ exf5 26. b3 Nd2
27. Rc3 Rd4 28. a5 g6 29. Nc4 Nxc4 30. bxc4 Be4 31. e3 Rd8 32. Be2 Kd6 33. Rb3
Kc5 34. Rb6 Bc6 35. Rb3 h6 36. h4 Rd6 37. Rb6 f6 38. Bf1 Rd7 39. Be2 g5 40. Bf1
Rd8 41. Rb2 Rd7 42. Rb6 Rd8 1/2-1/2

[Event "European Championship"]
[Site "Plovdiv BUL"]
[Date "2012.03.25"]
[Round "6"]
[White "Riazantsev, Alexander"]
[Black "Esen, Baris"]
[Result "1-0"]
[WhiteElo "2710"]
[BlackElo "2555"]
[PlyCount "99"]
[EventDate "2012.03.20"]
[EventRounds "11"]
[EventCountry "BUL"]
[TimeControl "5400"]

1. d4 d5 2. c4 c6 3. Nf3 Nf6 4. Nc3 e6 5. Bg5 Nbd7 6. cxd5 exd5 7. e3 Be7 8.
Qc2 O-O 9. Bd3 Re8 10. O-O Nf8 11. Rab1 Bd6 12. Rfe1 Bg4 13. Nd2 Be6 14. Nf1
Rc8 15. b4 b6 16. Bh4 Ng6 17. Bg3 Re7 18. Rec1 Bxg3 19. Nxg3 Ne8 20. Nf5 Rec7
21. Ne2 Bxf5 22. Bxf5 Ra8 23. a4 Nd6 24. Bd3 a6 25. Rd1 b5 26. Ra1 Nf8 27. Nc1
g6 28. Nb3 Ne6 29. Nc5 Kg7 30. Ra2 Rcc8 31. Rda1 Nc4 32. Qc3 Kg8 33. g3 Qe8 34.
h4 Nxc5 35. dxc5 Rab8 36. axb5 axb5 37. Ra7 Ra8 38. Qf6 Rxa7 39. Rxa7 Qf8 40.
e4 dxe4 41. Bxe4 Qg7 42. Qxg7+ Kxg7 43. Ra6 Re8 44. Bxc6 Re1+ 45. Kg2 Rb1 46.
Bd5 Ne5 47. Ra7 Rxb4 48. c6 Rb2 49. c7 Rc2 50. Be6 1-0

[Event "European Championship"]
[Site "Plovdiv BUL"]
[Date "2012.03.25"]
[Round "6"]
[White "Rodshtein, Maxim"]
[Black "Inarkiev, Ernesto"]
[Result "0-1"]
[WhiteElo "2652"]
[BlackElo "2695"]
[PlyCount "56"]
[EventDate "2012.03.20"]
[EventRounds "11"]
[EventCountry "BUL"]
[TimeControl "5400"]

1. d4 d5 2. c4 c6 3. Nf3 Nf6 4. Nc3 dxc4 5. a4 Bf5 6. Ne5 Nbd7 7. Nxc4 Qc7 8.
g3 e5 9. dxe5 Nxe5 10. Bf4 Nfd7 11. Bg2 f6 12. O-O g5 13. Bxe5 Nxe5 14. Ne3 Be6
15. a5 a6 16. Ne4 Be7 17. b4 f5 18. Nc5 Bxc5 19. bxc5 f4 20. Nc2 Rd8 21. Qc1
O-O 22. Rd1 Bc4 23. Nd4 Qe7 24. Qc3 Qf6 25. e3 Rd7 26. exf4 gxf4 27. gxf4 Qxf4
28. Qe3 Rg7 0-1

[Event "European Championship"]
[Site "Plovdiv BUL"]
[Date "2012.03.25"]
[Round "6"]
[White "Sutovsky, Emil"]
[Black "Kozul, Zdenko"]
[Result "1-0"]
[WhiteElo "2700"]
[BlackElo "2602"]
[PlyCount "71"]
[EventDate "2012.03.20"]
[EventRounds "11"]
[EventCountry "BUL"]

1. e4 c5 2. Nf3 d6 3. d4 cxd4 4. Nxd4 Nf6 5. Nc3 Nc6 6. Bg5 e6 7. Qd2 a6 8.
O-O-O Bd7 9. f4 b5 10. a3 Rb8 11. e5 dxe5 12. fxe5 Nxe5 13. Bf4 Ng6 14. Bxb8
Qxb8 15. Nb3 Ne5 16. Qd4 Qc7 17. Be2 Be7 18. Rhe1 Nc6 19. Qe3 b4 20. axb4 Nxb4
21. Qg3 Qb6 22. Rf1 Bc6 23. Bf3 O-O 24. Bxc6 Qxc6 25. Nd4 Qb6 26. Kb1 Rb8 27.
Na4 Qb7 28. Rxf6 Bxf6 29. Nc5 Bh4 30. Qxh4 Qd5 31. Ncb3 a5 32. Rd2 h6 33. Nf3
Qa8 34. Rd7 Qc6 35. Rd8+ Kh7 36. Nfd4 1-0

[Event "European Championship"]
[Site "Plovdiv BUL"]
[Date "2012.03.25"]
[Round "6"]
[White "Volokitin, Andrei"]
[Black "Hovhannisyan, Robert"]
[Result "1/2-1/2"]
[WhiteElo "2695"]
[BlackElo "2600"]
[PlyCount "85"]
[EventDate "2012.03.20"]
[EventRounds "11"]
[EventCountry "BUL"]

1. e4 e5 2. Nf3 Nc6 3. Bb5 Nf6 4. O-O Nxe4 5. d4 Nd6 6. Bxc6 dxc6 7. dxe5 Nf5
8. Qxd8+ Kxd8 9. h3 Ke8 10. Nc3 h5 11. Ne2 b6 12. Bg5 Bb7 13. Nf4 c5 14. Nh4
Nxh4 15. Bxh4 Be7 16. Bxe7 Kxe7 17. h4 Rad8 18. Rad1 Rd4 19. Rxd4 cxd4 20. Rd1
c5 21. c3 dxc3 22. bxc3 g6 23. e6 Bc8 24. exf7 Kxf7 25. f3 Bf5 26. Kf2 Rc8 27.
a3 Rc7 28. Rd8 Rc8 29. Rd2 Rc7 30. Rd8 Rc8 31. Rd6 Ke7 32. Rd5 Rc6 33. Re5+ Kf6
34. Re8 Rd6 35. Rf8+ Ke7 36. Ra8 Rd7 37. Ke3 Kf6 38. Rf8+ Kg7 39. Rb8 Re7+ 40.
Kf2 Rd7 41. Ke3 Re7+ 42. Kf2 Rd7 43. Ke3 1/2-1/2

[Event "European Championship"]
[Site "Plovdiv BUL"]
[Date "2012.03.27"]
[Round "7"]
[White "Azarov, Sergei"]
[Black "Naiditsch, Arkadij"]
[Result "1-0"]
[WhiteElo "2667"]
[BlackElo "2702"]
[PlyCount "145"]
[EventDate "2012.03.20"]
[EventRounds "11"]
[EventCountry "BUL"]

1. e4 e5 2. Nf3 Nc6 3. Bb5 Nf6 4. O-O Nxe4 5. d4 Nd6 6. Bxc6 dxc6 7. dxe5 Nf5
8. Qxd8+ Kxd8 9. Nc3 Ne7 10. h3 h6 11. Rd1+ Ke8 12. Bf4 Be6 13. Nd4 Nd5 14.
Nce2 g5 15. Bd2 Bg7 16. c4 Nb6 17. b3 Bxe5 18. f4 gxf4 19. Bxf4 Bxf4 20. Nxf4
Bd7 21. Rf1 c5 22. Rae1+ Kd8 23. Nf3 Be8 24. Ne5 Nc8 25. Nfd3 Nd6 26. Nxc5 a5
27. Ne4 f5 28. Ng3 Rg8 29. Kh2 Ra6 30. c5 Ne4 31. Nxe4 fxe4 32. Rxe4 Re6 33.
Rfe1 Rf6 34. a3 h5 35. Rd4+ Kc8 36. Red1 Bb5 37. R1d2 Rf5 38. Ng6 Rf7 39. Nf4
Kb8 40. Nxh5 Rf5 41. Rd5 Rxd5 42. Rxd5 Bc6 43. Rd2 Rg5 44. g4 Rxc5 45. Nf6 Rc3
46. g5 Ka7 47. g6 Rc1 48. Rg2 a4 49. g7 Bxg2 50. g8=Q Bc6 51. Qf7 Rc2+ 52. Kg1
Rg2+ 53. Kf1 Rg3 54. Qxc7 Rf3+ 55. Ke2 axb3 56. Nd7 Rf5 57. Qb6+ Ka8 58. Qd8+
Ka7 59. Qb8+ Ka6 60. Qc7 Ka7 61. Ne5 Bb5+ 62. Ke3 Rh5 63. Qa5+ Ba6 64. Qc5+ Ka8
65. Qf8+ Ka7 66. Nc6+ Kb6 67. Qd8+ Kc5 68. Nb4 Rxh3+ 69. Kd2 Rh2+ 70. Kc3 b2
71. Qd4+ Kb5 72. a4+ Ka5 73. Nc6+ 1-0

[Event "European Championship"]
[Site "Plovdiv BUL"]
[Date "2012.03.27"]
[Round "7"]
[White "Bologan, Viktor"]
[Black "Melkumyan, Hrant"]
[Result "1-0"]
[WhiteElo "2687"]
[BlackElo "2628"]
[PlyCount "141"]
[EventDate "2012.03.20"]
[EventRounds "11"]
[EventCountry "BUL"]

1. d4 Nf6 2. c4 g6 3. g3 c6 4. Bg2 d5 5. cxd5 cxd5 6. Nf3 Bg7 7. O-O O-O 8. Ne5
e6 9. Nc3 Nfd7 10. Nf3 Nc6 11. Bf4 Nf6 12. Rc1 Bd7 13. Bd6 Re8 14. e3 Bf8 15.
Bxf8 Rxf8 16. Ne5 Qe7 17. f4 Rad8 18. g4 Be8 19. g5 Nh5 20. Rc2 Nxe5 21. dxe5
Qb4 22. Qd4 Qxd4 23. exd4 Rc8 24. Rff2 Rc4 25. Rcd2 Bd7 26. Bf1 Rc7 27. Be2 Ng7
28. Bd3 Rfc8 29. Rc2 Nf5 30. Bxf5 exf5 31. Rf3 Be6 32. Rd2 a6 33. Kf2 Rc4 34.
a3 Kg7 35. Rh3 b5 36. Na2 a5 37. Ke2 Rh8 38. Kd3 b4 39. axb4 axb4 40. b3 Rc7
41. Rc2 Rb7 42. Kd2 h6 43. Kc1 Rbb8 44. Kb2 Bd7 45. Rg2 Rh7 46. Rgg3 Rhh8 47.
gxh6+ Rxh6 48. Rxh6 Kxh6 49. Rg5 Kg7 50. Rg2 Kh6 51. Rg3 Kh5 52. Kc1 Kh4 53.
Kd2 Rb7 54. Ke1 Rb8 55. Kf2 Rb7 56. Rg1 Rb8 57. Rc1 Be6 58. Kf3 Kh3 59. Rc2 Ra8
60. Rb2 Rb8 61. Rd2 Bd7 62. Rc2 Be6 63. Nc1 Ra8 64. Nd3 Ra1 65. Rc1 Ra8 66. Rg1
Ra2 67. Nf2+ Kh4 68. Rg3 Rxf2+ 69. Kxf2 Bd7 70. Kf3 Bc8 71. Rg1 1-0